Countries Providing Aid to Ukraine - Statistics

General Stats
  • This quiz has been taken 923 times
    396 since last reset
  • The average score is 55 of 71
Answer Stats
Hint Answer % Correct
Heavy Weapons United States
99%
Heavy Weapons Canada
97%
Heavy Weapons Spain
96%
Heavy Weapons Poland
94%
Heavy Weapons United Kingdom
94%
Heavy Weapons Finland
93%
Heavy Weapons France
93%
Non-Lethal Aid Japan
93%
Heavy Weapons Sweden
93%
Heavy Weapons Germany
92%
Heavy Weapons Norway
92%
Heavy Weapons Portugal
92%
Heavy Weapons Australia
91%
Heavy Weapons Greece
91%
Heavy Weapons Denmark
90%
Heavy Weapons Estonia
90%
Heavy Weapons Hungary
90%
Heavy Weapons Latvia
90%
Heavy Weapons Slovakia
90%
Non-Lethal Aid South Korea
90%
Non-Lethal Aid Austria
89%
Heavy Weapons Lithuania
89%
Non-Lethal Aid Switzerland
89%
Heavy Weapons Turkey
89%
Non-Lethal Aid Ireland
88%
Heavy Weapons Romania
88%
Heavy Weapons Slovenia
88%
Heavy Weapons Albania
87%
Heavy Weapons Belgium
87%
Heavy Weapons Bulgaria
87%
Heavy Weapons Italy
87%
Heavy Weapons Netherlands
87%
Non-Lethal Aid New Zealand
87%
Sanctions Serbia
87%
Heavy Weapons Croatia
86%
Non-Lethal Aid Israel
86%
Heavy Weapons Czechia
84%
Non-Lethal Aid Iceland
84%
Heavy Weapons Luxembourg
84%
Heavy Weapons North Macedonia
84%
Sanctions Bosnia and Herzegovina
82%
Sanctions Moldova
82%
Sanctions Andorra
81%
Sanctions Liechtenstein
80%
Sanctions San Marino
79%
Sanctions Kosovo
78%
Light Weapons Montenegro
78%
Sanctions Georgia
77%
Sanctions Monaco
76%
Non-Lethal Aid Cyprus
75%
Sanctions Cyprus
75%
Light Weapons Azerbaijan
74%
Non-Material Aid Malta
73%
Non-Lethal Aid Taiwan
73%
Heavy Weapons Morocco
70%
Sanctions Singapore
66%
Light Weapons Pakistan
61%
Non-Material Aid Colombia
58%
Sanctions Fiji
48%
Sanctions Bahamas
47%
Light Weapons Jordan
46%
Sanctions Dominica
44%
Sanctions Costa Rica
41%
Sanctions Saint Kitts and Nevis
41%
Sanctions Bangladesh
40%
Sanctions Saint Lucia
40%
Sanctions Antigua and Barbuda
38%
Sanctions Grenada
38%
Non-Material Aid Cambodia
37%
Sanctions Micronesia
35%
Light Weapons Sudan
35%
No matching quizzes found
Score Distribution
Percent of People with Each Score
Percentile by Number Answered
Your Score History
You have not taken this quiz since the last reset